[Event "Krefeld Easter op"]
[Site "Krefeld"]
[Date "2025.04.20"]
[Round "7"]
[White "Krueger, Andre"]
[Black "Holin, Simon"]
[Result "1-0"]
[WhiteElo "2012"]
[BlackElo "1695"]
[PlyCount "89"]
[EventDate "2025.04.17"]
[EventType "swiss"]
[EventRounds "9"]
[EventCountry "GER"]
[SourceTitle "CB17_2025"]
[SourceDate "2025.04.23"]
[SourceVersion "1"]
[SourceVersionDate "2025.04.23"]
[SourceQuality "1"]

1. d4 d5 2. Nf3 c5 3. g3 Nc6 4. Bg2 Nf6 5. 0-0 e6 6. c4 dxc4 7. Ne5 Nxe5 8. dxe5 Nd5 9. Na3 Bd7 10. Nxc4 Bc6 11. Nd6+ Bxd6 12. exd6 Nb4 13. e4 e5 14. a3 Na6 15. f4 Qf6 16. Rb1 0-0 17. b4 b5 18. Bb2 Qg6 19. fxe5 Bxe4 20. Bxe4 Qxe4 21. Re1 Qc6 22. Qg4 h5 23. Qf4 Qd5 24. Red1 Qe6 25. Rd2 Rad8 26. Rbd1 Rd7 27. Rd5 cxb4 28. Rxb5 Rc8 29. axb4 Rc4 30. Qf3 Rc2 31. Qa8+ Kh7 32. Qe4+ Qg6 33. Qxg6+ Kxg6 34. Bd4 Rc4 35. Bc5 Kf5 36. Ra1 Nxc5 37. bxc5 Ke6 38. Ra6 h4 39. c6 Rd8 40. c7 Rh8 41. Rb8 Rc1+ 42. Kg2 h3+ 43. Kf3 Rc3+ 44. Ke4 f5+ 45. Kd4 1-0